000 00394nam a2200133Ia 4500
008 231129s2013||||xx |||||||||||||| ||spa||
020 _aISMN: 979-0-801632
082 _a788.5819 C317c
100 _aBautista Carrillo Zulma E.
245 0 _aCuadernos de ejercicios para fagot
260 _c2013
264 _aBogotá : Ministerio de Cultura
942 _2ddc
_cBKS
999 _c8359
_d8359